000 00415nam a22001577a 4500
999 _c4263
_d4263
008 200728b ||||| |||| 00| 0 eng d
082 0 0 _a623.8245
_bP9862
100 _9640
_aPursey, H. J.
245 1 0 _aMerchant ship construction
_cby H. J. Pursey
250 _a2nd ed.
260 _aGlasgow
_bBrown ,Son & Ferguson
_c1952
300 _axiv, 221 p.
365 _d19.04
650 0 _aNaval Architecture
942 _cBK